00996nam a22002417a 4500999001700000003000900017008004100026040007100067082001500138100001600153245003100169260004200200300005300242505020000295650002100495650002000516650001900536700003900555700002800594942001600622945002100638952009500659 c18363d18363AR-CdUCM190513b ||||| |||| 00| 0 spa d aMUNICIPALIDAD PROVINCIAL DEL CUSCOcBIBLIOTECA MUNICIPAL DEL CUSCO a535 /bR91 aRuchlis, Hy aLas maravillas de la luz / aBuenos Aires :bPlaza & Janes,c1965. a173 páginas ;bilustraciones, figuras,c18 cm. aContenido: Energía luminosa -- La velocidad de la luz -- La presión de un rayo de luz -- Cambios provocados por la luz -- La luz y la relatividad -- Visión de las cosas -- Iluminación ... aEnergía915841 aReflejos915497 aEspejos938896 aPrado, Laura (traducción)938897 aOduber (portada)938898 2ddccLIBROS aachld2019-05-13 002ddc4070aSCbSCcCARTd2019-05-13g30.00o535 / R91pSC0000001611r2019-05-13yLIBROS